El derecho de acceso a la radiotelevisin̤ pb︢lica el acceso del art. 20.3 de la Constitucin̤ Espaǫla /

Detalles Bibliográficos
Autor principal: Montoro Fraguas, Antonio
Formato: Desconocido
Lenguaje:español
Publicado: Madrid : Dykinson, 2007
Materias:
Acceso en línea:Acceso restringido

MARC

LEADER 00000ny a22000003n 4500
005 20110628130238.0
006 m u
007 cr cn|||||||||
008 200806r20072008sp |||||s|||||||||||spa d
020 |a 9788498490138 
035 |a 1837 
040 |a FlNmELB  |c FlNmELB  |d vLex 
050 1 4 |a KKT3491  |b M798 2007eb 
080 |a 347.83(460) 
090 |c 1172  |d 1172 
100 1 |a Montoro Fraguas, Antonio 
245 1 3 |a El derecho de acceso a la radiotelevisin̤ pb︢lica  |h [Recurso electrn̤ico]  |b el acceso del art. 20.3 de la Constitucin̤ Espaǫla /  |c Antonio Montoro Fraguas 
256 |a Servicio en ln̕ea 
260 |a Madrid :  |b Dykinson,  |c 2007 
300 |a [9]-288 p 
506 1 |a Contenido solo disponible en los productos indicados  |d vLex Global  |d vLex Global (Academic Edition, excluding Law Schools)  |d vLex Global (U.S. Academic Edition, Law Schools)  |d vLex Global (U.S. Academic Edition, excluding Law Schools)  |d vLex Global (Academic Edition, Law Schools) 
650 0 7 |a Telecomunicaciones  |2 Tesauro vLex 
650 0 7 |a Ente publico radiotelevisin̤ espaǫla  |2 Tesauro vLex 
650 0 7 |a Derecho administrativo de las comunicaciones  |2 Tesauro vLex 
650 0 7 |a Derecho de las comunicaciones  |2 Tesauro vLex 
740 0 |a vLex Libros (Servicios en ln̕ea) 
856 4 0 |z Acceso restringido  |u http://vlex.com/source/derecho-acceso-radiotelevision-publica-1837 
942 |c BOOK